00883 2200229 4500001002100000005001500021035002000036007000300056008004100059020002200100082000800122084001400130100001700144245007400161250001100235260004500246300004700291650001200338700002000350520026700370990001600637INLIS00000000000002020220513082703 a0010-0522000002ta220513 b 0 ind  a978-602-01-1842-0 a372 a372 ELL k0 aElly Susiana1 aKegemaranku 1B :bTematik Terpadu untuk SD/MI Kelas 1 /cElly Susiana aRevisi aBandung :bGrafindo Media Pratama,c2017 a130 halaman :bilustrasi berwarna ;c25 cm 4aTematik0 aMaryati Sukarwo aPembelajaran Tematik Terpadu untuk SD/MI Kelas I meliputi lima mata pelajaran yang dipelajari secara terpadu, yaitu Bahasa Indonesia, Matematika, Pendidikan Pancasila dan Kewarganegaraan, Pendidikan Jasmani, Olahraga, dan Kesehatan, dan Seni Budaya dan Prakarya. a00000000018